| 000 | 01068cam a2200349 i 4500 | ||
|---|---|---|---|
| 999 |
_c79852 _d79852 |
||
| 003 | BJBSDDR | ||
| 005 | 20230410130745.0 | ||
| 007 | ta | ||
| 008 | 770518s1976 sp a 000 0 spa | ||
| 020 | _a8437900530 | ||
| 020 | _a9788437900537 | ||
| 029 | 1 |
_aNLGGC _b098331841 |
|
| 029 | 1 |
_aZWZ _b055397387 |
|
| 035 | _a(OCoLC)ocm03069188 | ||
| 035 |
_a(OCoLC)3069188 _z(OCoLC)40652323 |
||
| 040 |
_aDLC _cDLC _bspa |
||
| 041 | _aspa | ||
| 043 | _ae-sp--- | ||
| 049 | _aGRAL | ||
| 050 | 1 | 4 |
_aPN 6775 _bS473s 1976 |
| 082 | 0 | 0 | _a865.08 |
| 100 | 1 |
_aSempere, Pedro, _d1942- |
|
| 245 | 1 | 0 |
_aSemiología del infortunio : _blenguaje e ideología de la fotonovela / _cPedro Sempere. |
| 260 |
_aMadrid : _bFelmar, _c1976. |
||
| 300 |
_a170 p. : _bill. ; _c22 cm. |
||
| 490 | 0 |
_aColección Punto crítico : Serie B ; _vv. 7 |
|
| 650 | 0 |
_aFotonovelas _zSpain. |
|
| 650 | 4 |
_aFotonovelas _zEspaña _922545 |
|
| 776 | 0 | 8 |
_iOnline version: _aSempere, Pedro. _tSemiología del infortunio. _b1. ed. _dMadrid : Felmar, 1976 _w(OCoLC)648634107 |
| 942 |
_2lcc _cBK |
||
| 946 | _aJPR | ||